000
00310nam a2200145Ia 4500
100
_a
Murray/W.H
942
_c
BK
654
_a
Computer
245
_a
Windows 95 and NT Programming
260
_b
AP Professional
_a
New york
_c
1996
082
_a
5.133
_b
MUR
300
_a
519
546
_a
ENGLISH
999
_c
30944
_d
30944